00705nam a2200241 a 4500001001300000003000900013005001700022008004100039020001000080082001600090100001800106245004100124260003000165300000900195500003500204505002800239650003200267700001800299902000800317942000700325952011600332999001500448nice12345678IN_TiNIC20260116011541.0050524s1995 teha grp 000 0 urd  ac10000a891.51bNAF aNafisi, Saeed aAhwal-O-Ashar-E-Farsib Shaikh Bahai aTehranbIqbal Pressc1995 a208p aincludes index and biblioraphy2 aHand Written Manuscript aPersian Poetry-Shaikh Bahai1 aNafisi, Saeed bSRS cBK 001040708StackRoom-aHMIbHMId2007-06-01g100.00l0o891.51 NAFp04986r2007-06-01v100.00w2005-05-24yBK c2549d2549